Normal view
MARC view
- Goila S
Entry Personal Name
001 - CONTROL NUMBER
- control field: 117529
003 - CONTROL NUMBER IDENTIFIER
- control field: OSt
005 - DATE AND TIME OF LATEST TRANSACTION
- control field: 20230125045446.0
008 - FIXED-LENGTH DATA ELEMENTS
- fixed length control field: 230125|| aca||aabn | a|a d
040 ## - CATALOGING SOURCE
- Original cataloging agency: OSt
- Transcribing agency: OSt
100 ## - HEADING--PERSONAL NAME
- Personal name: Goila S
670 ## - SOURCE DATA FOUND
- Source citation: Work cat.: (OSt)95365: Goila S, India On My Platter, 2015